000 00682 a2200205 4500
020 _a0827348371
020 _a9780827348370
082 0 4 _a670
090 _c1410
_d1410
100 1 _aKomacek, Stanley A.
245 1 0 _aProduction technology /
_cStanley A. Komacek.
260 _a[S.l.] :
_bDelmar Thomson Learning,
_c1992.
300 _a459 p. ;
_c28 cm.
490 1 _aDelmar technology series.
500 _aHardcover.
830 0 _aDelmar technology series.
856 4 0 _3Amazon.com
_uhttp://www.amazon.com/exec/obidos/ASIN/0827348371/chopaconline-20
856 4 0 _3Amazon customer reviews
_uhttp://www.chopac.org/cgi-bin/tools/azrev.pl?q=0827348371
942 _aNBS
_cBK
_k670
999 _c343932
_d343932